000 01222nam a22002057a 4500
003 JO-AjAnu
005 20250715105035.0
008 250714b jo ||||| |||| 00| 0 ara d
040 _aJO-AjAnu
_bara
_cJO-AjAnu
_dJO-AjAnu
_erda
041 _aara
_hara
050 _aHD30.28
_b2025
100 1 _aفريحات، عمير عماد فاضل
_eمعد
_966569
245 0 _aاثر استراتيجيات التخطيط المستدام في تحقيق الأهداف التنموية : دراسة حالة مؤسسة الأميرة تغريد للتنمية والتدريب = Impact of Sustainable Planning Strategies on Achieving Development Goals : A Case Study of the Princess Taghrid Institute for Development and Training /
_cاعداد عمير فاضل فريحات ؛ اشراف محمد عبد حسين الطائي
260 _c2025
300 _a88 ورقة
504 _aرسالة جامعية(رسالة ماجستير)- جامعة عجلون الوطنية، (عجلون، الاردن)- كلية الاعمال، قسم ادارة اعمال، 2025.
650 7 0 _aادارة اعمال- التخطيط.
_966570
700 1 _aالطائي، محمد عبد حسين
_eمشرف
_965994
942 _2lcc
_cTHS
_n0
999 _c33930
_d33930